000 00624cab a22001935a 4500
001 L155042
008 120221e20120217xxk 000 0 eng d
035 _a(Sirsi) u155042
041 0 _aeng
100 1 _aTalbot, Darren
245 0 0 _aCost model
_bstandardised schools
260 _c2012
490 _aBuilding
_v277 (8715) 17 February 2012, 50-54(5)
520 _aCovers introduction, a brief history lesson, the James review, the market, advantages and disadvantages, the future of standardised solutions, cost model.
590 _aKA
651 4 _aUnited Kingdom
_y
690 _aCost management
_96233
942 _n0
999 _c83796
_d83796